00341nam a2200109Ia 4500008004100000082002000041100001800061245001200079260003900091630001800130650008300148211109s9999||||xx |||||||||||||| ||und|| a894.8123bSUR-P aK Surendran,  0aPathaka bNATIONAL BOOKSTALLaKottayamc1900 xGeneral Stack aMalayalam LiteraturevMalayalam FictionxMalayalam NovelShort StoriesGeneralia